=LDR 00000nam 2200000 4500 =001 INLIS000000000006963 =005 20200310085123 =035 ##$$a 0010-061300000006963 =008 200310################g##########0#ind## =041 ##$$a Ind =082 ##$$a 297.23 =090 ##$$a 297.23, Shi s =100 1#$$a Ash-Shiddieqy, T.M. Hasbi =245 1#$$a Sejarah pertumbuhan dan perkembangan hukum Islam, /$c Prof T.M. Hasbi Ash-Shgiddieqy =260 ##$$a Jakarta :$b Bulan Bintang,$c 1971 =300 ##$$a 292 hlm., ; $c 14 x 21 cm =650 #4$$a Sejarah-Islam =084 ##$$a 297.23 ASH s =250 ##$$a cet.1 =990 ##$$a 6.585/Pb-1980 =990 ##$$a 6.585/Pb-1980